000 00440nam a2200181 a 4500
001 1757599321312
003 ACL
005 20250911193755.0
008 250911s2007##################000#0#eng##
020 _a9780753512739
082 0 4 _a791.430233
_bSMI
100 1 _aSmith, Jim,
_eauthor.
245 1 0 _aTarantino :
260 _bVirgin Books Limited,
_c2007.
650 0 _aPerforming Arts.
942 _cENGLISH
040 _aACL
_beng
_cACL
999 _c586614
_d586614